Common sense common safety (Record no. 111296)

MARC details
000 -LEADER
fixed length control field 00825cad a22002055a 4500
001 - CONTROL NUMBER
control field L151330
008 - FIXED-LENGTH DATA ELEMENTS--GENERAL INFORMATION
fixed length control field 101022s2010 xxk f 000 0 eng d
035 ## - SYSTEM CONTROL NUMBER
System control number (Sirsi) u151330
041 0# - LANGUAGE CODE
Language code of text/sound track or separate title eng
050 04 - LIBRARY OF CONGRESS CALL NUMBER
Classification number 690.22 $2 18
110 2# - MAIN ENTRY--CORPORATE NAME
Corporate name or jurisdiction name as entry element United Kingdom
Subordinate unit Cabinet Office
9 (RLIN) 5270
245 00 - TITLE STATEMENT
Title Common sense common safety
Medium [electronic resource]
260 ## - PUBLICATION, DISTRIBUTION, ETC.
Place of publication, distribution, etc. London
Name of publisher, distributor, etc. CO
Date of publication, distribution, etc. 2010
520 ## - SUMMARY, ETC.
Summary, etc. A report by Lord Young of Graffham to the Prime Minister following a Whitehall-wide review of the operation of health and safety laws and the growth of the compensation culture in the UK.
590 ## - LOCAL NOTE (RLIN)
Local note KA NTK
651 #4 - SUBJECT ADDED ENTRY--GEOGRAPHIC NAME
Geographic name United Kingdom
Chronological subdivision
690 ## - LOCAL SUBJECT ADDED ENTRY--TOPICAL TERM (OCLC, RLIN)
Topical term or geographic name as entry element Health and safety
9 (RLIN) 6244
856 40 - ELECTRONIC LOCATION AND ACCESS
Uniform Resource Identifier <a href="https://www.number10.gov.uk/wp-content/uploads/402906_CommonSense_acc.pdf">https://www.number10.gov.uk/wp-content/uploads/402906_CommonSense_acc.pdf</a>
Public note View this item free of charge at www.number10.gov.uk
942 ## - ADDED ENTRY ELEMENTS (KOHA)
Suppress in OPAC 0
Holdings
Withdrawn status Lost status Source of classification or shelving scheme Damaged status Not for loan Home library Current library Shelving location Date acquired Total Checkouts Full call number Barcode Date last seen Copy number Price effective from Koha item type
    Dewey Decimal Classification     Virtual Virtual Online 22/10/2010   ONLINE PUBLICATION 151330-2001 06/08/2019 1 06/08/2019 Book